Ciudades más grandes en Alemania - Estadísticas

Estadísticas generales
  • Esta prueba ha sido intentada 245 veces
  • La puntuación promedio es 11 de 20
Estadísticas de respuestas
Población Ciudad % Correcto
3.677.472 Berlin
99%
1.487.708 Múnich
96%
1.853.935 Hamburgo
93%
1.073.096 Colonia
88%
586.852 Dortmund
80%
601.866 Leipzig
77%
563.290 Bremen
70%
626.275 Stuttgart
69%
619.477 Düsseldorf
67%
759.224 Fráncfort del Meno
65%
555.351 Dresde
60%
510.632 Núremberg
56%
331.885 Bonn
47%
579.432 Essen
40%
535.932 Hanóver
35%
334.002 Bielefeld
24%
363.441 Bochum
21%
495.152 Duisburgo
19%
317.713 Münster
17%
354.572 Wuppertal
11%
No se encontraron pruebas coincidentes
Distribución de puntuación
Porcentaje de gente con cada puntuación
Porcentaje por número respondido
Historial de tus puntuaciones
No has intentado esta prueba.